| 000 | 00571nam a22001937a 4500 | ||
|---|---|---|---|
| 005 | 20251108172105.0 | ||
| 008 | 250721s1992 xx 000 0 ara d | ||
| 082 | 1 | 4 | _a591.1/شلش |
| 100 | 1 | _aشلش، صبحي عمران | |
| 245 | 1 | 0 | _aفسيولوجيا الحيوان العملي / |
| 250 | _aط2 | ||
| 264 | 1 |
_aبيروت : _bدار الندى للطباعة و النشر و التوزيع، _c1992. |
|
| 300 | _a204ص | ||
| 650 | 1 | 7 | _aالحيوان |
| 650 | 1 | 7 | _aالفسيولوجيا |
| 650 | 1 | 7 | _aالتشريح |
| 942 |
_2ddc _cBK |
||
| 999 |
_c70209 _d70209 |
||